Top 99 artists - Statistics

General Stats
  • This quiz has been taken 30 times
  • The average score is 14 of 99
Answer Stats
Hint Answer % Correct
2 Jason Derulo
73%
53 Drake
68%
44 Eminem
45%
11 Kanye West
45%
70 Rihanna
45%
24 TI
45%
22 Ed Sheeran
41%
45 Justin Timberlake
41%
13 Lil Nas X
41%
16 50 Cent
36%
36 Jay Z
36%
7 The Weeknd
36%
51 Calvin Harris
32%
58 Coldplay
32%
39 Lil Wayne
32%
63 Snoop Dogg
32%
21 Bruno Mars
27%
5 Imagine Dragons
27%
31 2pac
23%
27 David Guetta
23%
19 Flo Rida
23%
34 Pitbull
23%
1 Stormzy
23%
32 Ava Max
18%
20 Black Eyed Peas
18%
10 Charlie Puth
18%
15 Chris Brown
18%
38 Dr Dre
18%
48 Maroon 5
18%
47 Shawn Mendes
18%
23 Usher
18%
43 Will I Am
18%
56 Avicii
14%
59 Jay Sean
14%
25 KSI
14%
26 Linkin Park
14%
88 Outkast
14%
8 Rak Su
14%
54 Sean Paul
14%
74 Take That
14%
14 Tinie Tempah
14%
3 Wiz Khalifa
14%
6 Aitch
9%
40 AJ Tracey
9%
60 Daddy Yankee
9%
64 DMX
9%
94 Headie One
9%
35 JLS
9%
50 Nelly
9%
42 Ne Yo
9%
99 NWA
9%
91 Robbie Williams
9%
41 The Wanted
9%
73 Tiesto
9%
4 Tyga
9%
80 Webb Pierce
9%
62 A Boogie Wit Da Hoodie
5%
12 Akon
5%
95 Bastille
5%
33 Bugzy Malone
5%
65 Cheat Codes
5%
98 Duke Dumont
5%
97 Earth Wind and Fire
5%
96 Easy Life
5%
89 Enrique Iglesias
5%
68 Far East Movement
5%
49 G Eazy
5%
57 George Ezra
5%
93 Kid Ink
5%
28 Lupe Fiasco
5%
75 Maggie Lindemann
5%
55 Mann
5%
69 Nick Jonas
5%
86 One Republic
5%
30 Proph3t
5%
18 Riles
5%
90 Rizzle Kicks
5%
79 Roll Deep
5%
82 Sean Kingston
5%
72 Taio Cruz
5%
67 Tech N9ne
5%
61 Timbaland
5%
87 Years and Years
5%
9 Young T and Bugsey
5%
17 ZieZie
5%
29 BoB
0%
37 Clean Bandit
0%
92 Empire of the Sun
0%
71 Fuse ODG
0%
81 James Morrison
0%
46 Jonas Blue
0%
52 Labrinth
0%
84 LMFAO
0%
85 Luca Hanni
0%
78 Marshmellow
0%
83 MKTO
0%
77 Swedish House Mafia
0%
66 Wiley
0%
76 Wretch 32
0%
No matching quizzes found
Score Distribution
Percent of People with Each Score
Percentile by Number Answered
Your Score History
You have not taken this quiz